000 00472nam a22001577a 4500
005 20240702142202.0
008 240702b |||||||| |||| 00| 0 eng d
041 _aEnglish/Afrikaans
082 _a349 SOU
100 _lEnglish/Afrikaans
245 _aSouth African Criminal Law Reports
260 _aCape Town:
_bJuta and Company Ltd,
_c1990
300 _blxii, 697 pages;
_c26 cm.
650 _aLegal practice
_bLaw
942 _cBK
_6ALISON_BN_VRIES
999 _c2089
_d2089